[Event "Rated Blitz game"]
[Site "?"]
[Date "2021.07.18"]
[Round "?"]
[White "Jasper_Rom"]
[Black "annaly1979"]
[Result "1-0"]
[WhiteElo "2435"]
[BlackElo "2432"]
[PlyCount "60"]
[EventDate "2021.??.??"]
[EventType "blitz"]

1. e4 e5 2. Nf3 d5 3. Nxe5 Qe7 4. d4 f6 5. Ng4 Nc6 6. Ne3 Qxe4 7. Nc3 Bb4 8.
Bd2 Bxc3 9. bxc3 Nge7 10. Bd3 Qh4 11. Qf3 Be6 12. Rb1 O-O-O 13. g3 Qh3 14. Bf1
Bg4 15. Bxh3 Bxh3 16. g4 Rhe8 17. Qxh3 g6 18. O-O h5 19. gxh5+ Kb8 20. h6 f5
21. Kh1 Rh8 22. Rg1 Rh7 23. Nf1 Rdh8 24. Bg5 Nc8 25. Nd2 Nd6 26. f3 Nf7 27. Bf4
g5 28. Bxg5 Nxg5 29. Rxg5 Rxh6 30. Qxh6 Rxh6 {Normal} 1-0

[Event "Rated Blitz game"]
[Site "?"]
[Date "2021.07.18"]
[Round "?"]
[White "AngelPerezQuinones"]
[Black "annaly1979"]
[Result "1-0"]
[WhiteElo "2457"]
[BlackElo "2429"]
[PlyCount "75"]
[EventDate "2021.??.??"]
[EventType "blitz"]

1. e4 e5 2. Nf3 d5 3. exd5 e4 4. Ne5 Bd6 5. d4 Nf6 6. Bf4 O-O 7. c4 b6 8. Nc3
Bf5 9. h3 Re8 10. g4 Bg6 11. Bg2 Nfd7 12. Qd2 Nxe5 13. dxe5 Bxe5 14. Bxe5 Rxe5
15. O-O-O Nd7 16. h4 h5 17. Qf4 Qe7 18. g5 Re8 19. Rhe1 Qc5 20. Bf1 a5 21. a3
Qe7 22. Re3 Nc5 23. Nb5 a4 24. Kb1 Nd3 25. Bxd3 exd3 26. Rxe5 Qxe5 27. Qxe5
Rxe5 28. Nxc7 Re2 29. d6 Bf5 30. Ka2 d2 31. f4 Bc2 32. d7 Bb3+ 33. Kb1 Bxd1 34.
d8=Q+ Kh7 35. Qd3+ Kg8 36. Nd5 Rh2 37. Ne7+ Kf8 38. Qd8# {Normal} 1-0

[Event "Rated Blitz game"]
[Site "?"]
[Date "2021.07.18"]
[Round "?"]
[White "jsemkurina"]
[Black "Schachelite"]
[Result "1-0"]
[WhiteElo "2426"]
[BlackElo "2483"]
[PlyCount "73"]
[EventDate "2021.??.??"]
[EventType "blitz"]

1. e4 e5 2. Nf3 d5 3. Nxe5 Bd6 4. d4 dxe4 5. Nc3 Nf6 6. Bc4 O-O 7. O-O Qe7 8.
Bf4 Nbd7 9. Nxd7 Bxd7 10. Bxd6 Qxd6 11. Re1 Rfe8 12. h3 c6 13. Qd2 Rad8 14.
Rad1 Bf5 15. Qg5 Bg6 16. Ne2 Qb4 17. Bb3 h6 18. Qc1 Bh5 19. c3 Qd6 20. Rd2 e3
21. fxe3 Rxe3 22. d5 Rde8 23. dxc6 Qc5 24. Kh2 Bxe2 25. cxb7 Qc7+ 26. Kh1 Qxb7
27. Ba4 Rxh3+ 28. Kg1 Qb6+ 29. Rd4 Rhe3 30. Bxe8 Rxe8 31. Qd2 Bg4 32. Rxe8+
Nxe8 33. Kf1 Nf6 34. c4 Be6 35. b4 Qa6 36. Qd3 Qxa2 37. Rd8+ {Normal} 1-0

[Event "Rated Blitz game"]
[Site "?"]
[Date "2021.07.18"]
[Round "?"]
[White "jure_pl91"]
[Black "Schachelite"]
[Result "1-0"]
[WhiteElo "2541"]
[BlackElo "2487"]
[PlyCount "71"]
[EventDate "2021.??.??"]
[EventType "blitz"]

1. e4 e5 2. Nf3 d5 3. Nxe5 Bd6 4. d4 dxe4 5. Nc4 Nf6 6. Nc3 O-O 7. Ne3 Nc6 8.
Be2 Re8 9. O-O Nxd4 10. h3 Nxe2+ 11. Qxe2 c6 12. Rd1 Qe7 13. b3 Qe5 14. Rxd6
Qxd6 15. Bb2 Nd5 16. Nexd5 cxd5 17. Rd1 Be6 18. Nxe4 Qf4 19. Ng3 Bxh3 20. Qd3
Bg4 21. Rf1 Rac8 22. Qxd5 Rxc2 23. Bd4 b6 24. Be3 Qe5 25. Qd3 Rcc8 26. a4 h5
27. Re1 h4 28. Nf1 h3 29. Bd2 Be2 30. Qxh3 Qb2 31. Rxe2 Rcd8 32. Rxe8+ Rxe8 33.
Be3 Qxb3 34. Qd7 Re4 35. Qc8+ Kh7 36. Qf5+ {Normal} 1-0

[Event "Rated Blitz game"]
[Site "?"]
[Date "2021.07.18"]
[Round "?"]
[White "SevanB"]
[Black "KamranShirazi"]
[Result "1-0"]
[WhiteElo "2548"]
[BlackElo "2541"]
[PlyCount "73"]
[EventDate "2021.??.??"]
[EventType "blitz"]

1. e4 e5 2. Nf3 d5 3. d4 dxe4 4. Nxe5 Nd7 5. Qh5 Nxe5 6. dxe5 Be6 7. Nc3 Bb4 8.
Bd2 Qd4 9. O-O-O Bxc3 10. Bxc3 Qxf2 11. Bb5+ c6 12. Rhf1 Qe3+ 13. Bd2 Qc5 14.
Ba4 O-O-O 15. Qg5 Ne7 16. Bb3 Ng6 17. Bc3 e3 18. Rxd8+ Rxd8 19. Re1 Qb5 20.
Qxe3 Bxb3 21. axb3 Qa6 22. Kb1 Nf8 23. Bb4 Ne6 24. Bd6 c5 25. Qf3 Rd7 26. Qh5
h6 27. Qf5 c4 28. b4 Qc6 29. Re4 b6 30. b5 Qxb5 31. Qg4 c3 32. b3 Qf1+ 33. Ka2
Qc1 34. Rc4+ Kb7 35. Qe4+ Ka6 36. Ra4+ Kb5 37. Qc4# {Normal} 1-0

[Event "Rated Blitz game"]
[Site "?"]
[Date "2021.07.18"]
[Round "?"]
[White "FlaggingIsADisease"]
[Black "annaly1979"]
[Result "1-0"]
[WhiteElo "2585"]
[BlackElo "2456"]
[PlyCount "73"]
[EventDate "2021.??.??"]
[EventType "blitz"]

1. e4 e5 2. Nf3 d5 3. d4 dxe4 4. Nxe5 Bd6 5. Bc4 Bxe5 6. Qh5 Qe7 7. Qxe5 Qxe5
8. dxe5 Nc6 9. Bd5 Nge7 10. Bxe4 Nxe5 11. O-O O-O 12. Bf4 f6 13. Nc3 N7g6 14.
Bg3 c6 15. Rad1 Be6 16. f4 f5 17. fxe5 fxe4 18. Nxe4 Bf5 19. Nd6 Bxc2 20. Rc1
Bd3 21. Rxf8+ Rxf8 22. Nxb7 Rb8 23. Nc5 Bf5 24. b3 Re8 25. Rf1 Bc8 26. h4 Nf8
27. Ne4 Ba6 28. Rc1 Nd7 29. Nd6 Re6 30. Rxc6 Nb8 31. Rc7 h6 32. Rxa7 Kh7 33.
Ra8 Nd7 34. Rxa6 Nxe5 35. Bxe5 Rxe5 36. b4 Re4 37. Nxe4 {Normal} 1-0

[Event "Rated Blitz tournament poUR4Q5G"]
[Site "?"]
[Date "2021.07.18"]
[Round "?"]
[White "Joejan"]
[Black "Schachelite"]
[Result "0-1"]
[WhiteElo "2409"]
[BlackElo "2489"]
[PlyCount "78"]
[EventDate "2021.??.??"]
[EventType "blitz"]

1. e4 e5 2. Nf3 d5 3. d4 dxe4 4. Nxe5 Bd6 5. Nc4 Nf6 6. Bg5 O-O 7. Nc3 Re8 8.
Be2 Nc6 9. O-O Nxd4 10. Bxf6 Qxf6 11. Nd5 Nxe2+ 12. Qxe2 Qg5 13. Nxd6 cxd6 14.
Nc7 Bh3 15. g3 Bxf1 16. Rxf1 Qe5 17. c3 d5 18. Nxa8 Rxa8 19. Rd1 a6 20. Qe3 Rd8
21. Rd4 Rd6 22. f3 f5 23. fxe4 dxe4 24. Kg2 Rxd4 25. cxd4 Qd5 26. b3 h6 27. h4
b5 28. Kh3 b4 29. Kh2 a5 30. Kh3 Kf7 31. h5 Qe6 32. Kg2 Qd7 33. Kf2 Qc7 34. d5
Qc2+ 35. Kg1 Qd1+ 36. Kg2 Qxd5 37. Qa7+ Kg8 38. Qb8+ Kh7 39. Kh3 e3 {Normal}
0-1

[Event "Rated Blitz game"]
[Site "?"]
[Date "2021.07.18"]
[Round "?"]
[White "coachJohncappon"]
[Black "magos33"]
[Result "0-1"]
[WhiteElo "2424"]
[BlackElo "2438"]
[PlyCount "122"]
[EventDate "2021.??.??"]
[EventType "blitz"]

1. e4 e5 2. Nf3 d5 3. Nxe5 Bd6 4. d4 dxe4 5. Bf4 Nf6 6. Bc4 O-O 7. O-O Qe7 8.
Nd2 Bf5 9. Re1 Nbd7 10. Nxd7 Qxd7 11. Bg5 Be7 12. Bxf6 Bxf6 13. c3 Rfe8 14. Nf1
Bg6 15. Ng3 a6 16. Bb3 Re7 17. Qd2 Rae8 18. Re2 Qg4 19. h3 Qh4 20. Nf1 Bg5 21.
Ne3 Kh8 22. Kh2 f5 23. g3 Qh6 24. Qe1 f4 25. Ng4 Qh5 26. Ne5 Rxe5 27. dxe5 Bf5
28. Rxe4 Qxh3+ 29. Kg1 f3 30. Qf1 Qxf1+ 31. Kxf1 Bxe4 32. Rd1 Bc6 33. e6 Rd8
34. Rxd8+ Bxd8 35. Ke1 Be7 36. Kd2 g5 37. Ke3 Kg7 38. Bc4 Kf6 39. b4 h5 40. Bb3
h4 41. gxh4 gxh4 42. Kf4 Bd6+ 43. Kg4 Be5 44. c4 Bd4 45. Kxh4 Bxf2+ 46. Kh3 Be1
47. Bd1 f2 48. Be2 Kxe6 49. a3 Ke5 50. b5 axb5 51. cxb5 Bd5 52. Kh2 Kd4 53. Bf1
Ke3 54. a4 Bf3 55. a5 Be2 56. Bxe2 Kxe2 57. a6 f1=Q 58. axb7 Qf4+ 59. Kg2 Qg3+
60. Kh1 Qh3+ 61. Kg1 Bf2# {Normal} 0-1

[Event "Rated Blitz tournament AKIWgsJr"]
[Site "?"]
[Date "2021.07.18"]
[Round "?"]
[White "JakeF"]
[Black "gmmds2694"]
[Result "0-1"]
[WhiteElo "2317"]
[BlackElo "2574"]
[PlyCount "92"]
[EventDate "2021.??.??"]
[EventType "blitz"]

1. e4 e5 2. Nf3 d5 3. exd5 Bd6 4. Nc3 f5 5. d4 e4 6. Ne5 Nf6 7. Bb5+ Nbd7 8.
Bg5 O-O 9. Nc4 Nb6 10. Nxb6 axb6 11. O-O h6 12. Bxf6 Qxf6 13. Qh5 Qxd4 14. Rad1
Qb4 15. Rb1 Be5 16. Be8 Qe7 17. Bg6 Bd7 18. a3 Rf6 19. d6 Rxd6 20. Rbd1 Rf8 21.
Rxd6 Bxd6 22. Rd1 Qe5 23. Nd5 Be6 24. c4 Qxb2 25. g3 Bc5 26. Ne3 Qe5 27. g4
Bxe3 28. fxe3 Qc5 29. gxf5 Bxf5 30. Bxf5 Rxf5 31. Qe8+ Rf8 32. Qxe4 Qxa3 33.
Rf1 Rxf1+ 34. Kxf1 Qf8+ 35. Ke2 c6 36. Qe6+ Qf7 37. Qe4 Kf8 38. Qd4 Kg8 39.
Qxb6 Qxc4+ 40. Kf2 Qf7+ 41. Ke2 Qh5+ 42. Kd3 Qb5+ 43. Qxb5 cxb5 44. Kc3 Kf7 45.
Kb4 Ke6 46. Kxb5 Ke5 {Normal} 0-1

[Event "Rated Blitz game"]
[Site "?"]
[Date "2021.07.18"]
[Round "?"]
[White "liumut12"]
[Black "KamranShirazi"]
[Result "1-0"]
[WhiteElo "2381"]
[BlackElo "2554"]
[PlyCount "63"]
[EventDate "2021.??.??"]
[EventType "blitz"]

1. e4 e5 2. Nf3 d5 3. exd5 e4 4. Qe2 Nf6 5. Nc3 Be7 6. Nxe4 Nxd5 7. g3 O-O 8.
Bg2 f5 9. Nc3 Nb4 10. Qd1 f4 11. O-O fxg3 12. fxg3 Bg4 13. a3 N4c6 14. d4 Bf6
15. d5 Nd4 16. Be3 Nxf3+ 17. Bxf3 Bh3 18. Bg2 Bxg2 19. Kxg2 Bxc3 20. bxc3 Rxf1
21. Kxf1 Qf6+ 22. Kg1 Qxc3 23. Bd4 Qc4 24. Qg4 g6 25. Qe6+ Kf8 26. Rf1+ Qxf1+
27. Kxf1 Na6 28. Qf6+ Ke8 29. Qh8+ Kd7 30. Qxa8 Kd6 31. Qxb7 Nb4 32. Qxb4+ {
Normal} 1-0

[Event "Rated Blitz game"]
[Site "?"]
[Date "2021.07.18"]
[Round "?"]
[White "luchok123"]
[Black "annaly1979"]
[Result "1/2-1/2"]
[WhiteElo "2477"]
[BlackElo "2459"]
[PlyCount "127"]
[EventDate "2021.??.??"]
[EventType "blitz"]

1. e4 e5 2. Nf3 d5 3. d4 dxe4 4. Nxe5 Bd6 5. Bc4 Bxe5 6. dxe5 Qxd1+ 7. Kxd1 Nc6
8. Bf4 Nge7 9. Nc3 Ng6 10. Bg3 Ngxe5 11. Bd5 Bg4+ 12. Ke1 O-O-O 13. Bxe4 f5 14.
Bxc6 Nxc6 15. f3 Bh5 16. Rd1 Nd4 17. Rd2 g5 18. Bf2 Rhe8+ 19. Kd1 Nxf3 20.
Rxd8+ Kxd8 21. Kc1 Ne5 22. Re1 Ng4 23. Rxe8+ Kxe8 24. Bg1 Kd7 25. Kd2 Nf6 26.
Nb5 a6 27. Nd4 Bg6 28. c4 c5 29. Nf3 b6 30. Nxg5 Kc6 31. Ne6 Ne4+ 32. Ke3 Nd6
33. b3 Bf7 34. Nd8+ Kd7 35. Nxf7 Nxf7 36. Kf4 Ke6 37. a3 Ne5 38. Kg5 Nd3 39.
Be3 Ke5 40. Kh6 f4 41. Bd2 Ke4 42. Kxh7 Ne5 43. h4 Kf5 44. h5 Nf7 45. Kg7 Ng5
46. h6 Ne6+ 47. Kg8 Ng5 48. h7 Nxh7 49. Kxh7 Ke4 50. Kg6 f3 51. gxf3+ Kxf3 52.
Kf5 Ke2 53. Bg5 Kd3 54. Bf6 Kc2 55. b4 Kb3 56. bxc5 bxc5 57. Be7 Kxc4 58. Ke5
a5 59. Kd6 Kb3 60. Kc6 Kxa3 61. Kxc5 Kb3 62. Kb5 a4 63. Bb4 a3 64. Bxa3 {Normal
} 1/2-1/2

[Event "Rated Blitz tournament AKIWgsJr"]
[Site "?"]
[Date "2021.07.18"]
[Round "?"]
[White "imdejong"]
[Black "gmmds2694"]
[Result "0-1"]
[WhiteElo "2536"]
[BlackElo "2579"]
[PlyCount "20"]
[EventDate "2021.??.??"]
[EventType "blitz"]

1. e4 e5 2. Nf3 d5 3. exd5 Bd6 4. d4 e4 5. Ne5 Nf6 6. c4 c5 7. Be3 O-O 8. Nc3
Qe7 9. f4 exf3 10. Qxf3 cxd4 {Normal} 0-1

[Event "Rated Blitz tournament Tsg4h2PI"]
[Site "?"]
[Date "2021.07.17"]
[Round "?"]
[White "fake_passport"]
[Black "dr_xStranger"]
[Result "0-1"]
[WhiteElo "2625"]
[BlackElo "2534"]
[PlyCount "68"]
[EventDate "2021.??.??"]
[EventType "blitz"]

1. e4 e5 2. Nf3 d5 3. d3 dxe4 4. dxe4 Qxd1+ 5. Kxd1 Nc6 6. Be3 Bg4 7. h3 Bxf3+
8. gxf3 O-O-O+ 9. Bd3 Nf6 10. Ke2 Bd6 11. Nc3 Nh5 12. Rag1 Nd4+ 13. Bxd4 exd4
14. Nd5 c6 15. Rg5 g6 16. Rxh5 gxh5 17. Nf6 h4 18. Rg1 Be7 19. Nh5 Rhg8 20. Rg4
Rxg4 21. fxg4 c5 22. f4 Kc7 23. e5 a6 24. Bxh7 b5 25. g5 c4 26. e6 fxe6 27. g6
Bf8 28. g7 Bxg7 29. Nxg7 Kd6 30. f5 Rd7 31. f6 Ke5 32. Bg8 Kxf6 33. Nxe6 Re7
34. Kf3 Re8 {Normal} 0-1

[Event "Rated Blitz game"]
[Site "?"]
[Date "2021.07.17"]
[Round "?"]
[White "Grandstodge"]
[Black "annaly1979"]
[Result "1-0"]
[WhiteElo "2464"]
[BlackElo "2451"]
[PlyCount "157"]
[EventDate "2021.??.??"]
[EventType "blitz"]

1. e4 e5 2. Nf3 d5 3. exd5 e4 4. Qe2 f5 5. d3 Nf6 6. Bg5 Be7 7. Bxf6 Bxf6 8.
Nc3 Bxc3+ 9. bxc3 O-O 10. dxe4 fxe4 11. Qxe4 Re8 12. Ne5 Qf6 13. f4 Nd7 14. Bd3
Nxe5 15. Qxh7+ Kf7 16. fxe5 Qxe5+ 17. Kd1 Bg4+ 18. Kc1 Qxc3 19. Bg6+ Ke7 20.
Qh4+ Kd6 21. Qg3+ Qxg3 22. hxg3 Re2 23. Rb1 b6 24. Rh4 Bd7 25. Rh7 Rxg2 26.
Rxg7 Rxg3 27. Rxd7+ Kxd7 28. Bd3 Rf8 29. Kb2 Rf2 30. Bb5+ Kd6 31. Bc6 Rgg2 32.
Rc1 a5 33. Kb3 Kc5 34. a4 Rg3+ 35. Kb2 Rf4 36. c3 Rxa4 37. Bxa4 b5 38. Bb3 a4
39. Ba2 Rg2+ 40. Ka3 Rg3 41. Kb2 Rh3 42. Rd1 Rh2+ 43. Ka3 Rc2 44. Rd3 b4+ 45.
cxb4+ Kd6 46. Re3 Kd7 47. Re6 Rf2 48. Rc6 Rd2 49. Bc4 Rc2 50. Kxa4 Rc1 51. Kb5
Ra1 52. Kc5 Ra8 53. d6 cxd6+ 54. Rxd6+ Kc7 55. Bd5 Rh8 56. Rc6+ Kd7 57. b5 Rh2
58. Kb6 Rc2 59. Be6+ Ke7 60. Rxc2 Kxe6 61. Rd2 Ke5 62. Kc7 Ke4 63. b6 Ke3 64.
Rd7 Ke4 65. b7 Ke5 66. b8=Q Ke6 67. Qe8+ Kf5 68. Qg8 Kf6 69. Rf7+ Ke5 70. Qe8+
Kd4 71. Kc8 Kc4 72. Rd7 Kb5 73. Qd8 Ka6 74. Rc7 Kb6 75. Qd6+ Kb5 76. Qc6+ Kb4
77. Qb7+ Ka5 78. Qb8 Ka6 79. Ra7# {Normal} 1-0

[Event "Rated Blitz tournament Tsg4h2PI"]
[Site "?"]
[Date "2021.07.17"]
[Round "?"]
[White "VadimCernov"]
[Black "dr_xStranger"]
[Result "1-0"]
[WhiteElo "2567"]
[BlackElo "2492"]
[PlyCount "85"]
[EventDate "2021.??.??"]
[EventType "blitz"]

1. e4 e5 2. Nf3 d5 3. Nxe5 Bd6 4. d4 dxe4 5. Bc4 Bxe5 6. Qh5 Qe7 7. Qxe5 Qxe5
8. dxe5 Ne7 9. Nc3 O-O 10. Nxe4 Nbc6 11. Bf4 Nd4 12. O-O-O Nec6 13. Rhe1 Be6
14. Bxe6 Nxe6 15. Bg3 Rfd8 16. f4 Ncd4 17. Bf2 h5 18. Bxd4 Nxd4 19. Rd3 Ne6 20.
g3 Rxd3 21. cxd3 Rd8 22. Kd2 Kf8 23. Rc1 c6 24. Nc5 Nd4 25. Nxb7 Rb8 26. Nd6
Nf3+ 27. Ke3 Nxh2 28. Rxc6 Ng4+ 29. Kd4 Ke7 30. Rc7+ Kf8 31. Rxf7+ Kg8 32. Rb7
Rd8 33. Rxa7 Kh7 34. b4 Nh2 35. b5 Nf1 36. b6 Nxg3 37. b7 Rb8 38. Ra8 Rxb7 39.
Nxb7 h4 40. Rc8 h3 41. Rc2 Nf1 42. Rf2 Ng3 43. Rh2 {Normal} 1-0

[Event "Rated Blitz tournament Tsg4h2PI"]
[Site "?"]
[Date "2021.07.17"]
[Round "?"]
[White "Domingos_Junior"]
[Black "om_gendut"]
[Result "0-1"]
[WhiteElo "2386"]
[BlackElo "2428"]
[PlyCount "128"]
[EventDate "2021.??.??"]
[EventType "blitz"]

1. e4 e5 2. Nf3 d5 3. Nxe5 Bd6 4. d4 dxe4 5. Nc4 Be7 6. Ne5 Nf6 7. c4 O-O 8.
Nc3 Bd6 9. Be2 Nbd7 10. Nxd7 Bxd7 11. Be3 h6 12. h3 c6 13. Qc2 Re8 14. O-O-O
Qa5 15. Kb1 b5 16. c5 Bc7 17. a3 Be6 18. Na2 Nd5 19. Bd2 Qa6 20. Nb4 Qb7 21.
Nxd5 Bxd5 22. f3 a5 23. b3 Qc8 24. Rhg1 Qe6 25. Kb2 e3 26. Bc3 b4 27. Be1 bxa3+
28. Kxa3 Reb8 29. Rb1 Bd8 30. Bc3 Be7 31. Ba1 Rb7 32. Bc4 Rab8 33. Bxd5 Qxd5
34. Bc3 Ra8 35. Rge1 Bg5 36. Qe4 Qd7 37. f4 f5 38. Qxe3 Bf6 39. Qe6+ Qxe6 40.
Rxe6 Rc8 41. Ka4 Kf7 42. Rd6 Be7 43. Bxa5 Bxd6 44. cxd6 Ra8 45. b4 Rd7 46. Re1
Rxd6 47. Re5 Rd5 48. Re3 Rxd4 49. Rc3 Rd5 50. Rxc6 Kg8 51. Rc7 Re8 52. b5 Rd4+
53. Kb3 Rde4 54. Bc3 R4e7 55. b6 Kf7 56. Rxe7+ Rxe7 57. Be5 Rb7 58. Bc7 Ke6 59.
Kc4 Kd7 60. Kc5 g5 61. g3 g4 62. hxg4 fxg4 63. Kd5 h5 64. Ke5 Ke8 {Time forfeit
} 0-1

[Event "Rated Blitz game"]
[Site "?"]
[Date "2021.07.17"]
[Round "?"]
[White "khpgc"]
[Black "batasjon"]
[Result "1/2-1/2"]
[WhiteElo "2317"]
[BlackElo "2409"]
[PlyCount "131"]
[EventDate "2021.??.??"]
[EventType "blitz"]

1. e4 e5 2. Nf3 d5 3. d3 dxe4 4. dxe4 Qxd1+ 5. Kxd1 Nf6 6. Bd3 Bc5 7. Ke2 Ng4
8. Rf1 Nc6 9. c3 Be6 10. h3 Nf6 11. b4 Bd6 12. Nbd2 a6 13. Ng5 Ke7 14. Nxe6
Kxe6 15. Bc4+ Ke7 16. Nf3 Nxe4 17. Kd3 f5 18. g4 fxg4 19. hxg4 Nf6 20. g5 e4+
21. Kc2 exf3 22. gxf6+ Kxf6 23. Rg1 h6 24. Bd3 Ne5 25. Be4 Rhf8 26. Be3 g5 27.
Rh1 Kg7 28. Bd4 Rae8 29. Rae1 Re6 30. a3 b5 31. Bb7 c5 32. bxc5 Bc7 33. Bd5 Re7
34. Re4 Rf4 35. Rxf4 gxf4 36. Re1 Kf6 37. Bxf3 Kg5 38. Be4 h5 39. Rg1+ Kh4 40.
Rh1+ Kg5 41. Re1 h4 42. Bg2 Kg4 43. Rg1 h3 44. Bf1+ Kf3 45. Rg5 h2 46. Rh5 Rg7
47. Rh3+ Kg4 48. Rxh2 Kf3 49. Bh3 Rg1 50. Bf5 Nc4 51. Rh3+ Ke2 52. Bd3+ Ke1 53.
Bxc4 bxc4 54. Rf3 Ke2 55. Rh3 Ra1 56. Kb2 Rd1 57. Rh7 f3 58. Rxc7 Rd2+ 59. Kb1
Rd1+ 60. Kb2 Rd2+ 61. Kb1 Rd1+ 62. Kc2 Rd2+ 63. Kc1 Rd1+ 64. Kc2 Rd2+ 65. Kc1
Rd1+ 66. Kc2 {Normal} 1/2-1/2

[Event "Rated Blitz game"]
[Site "?"]
[Date "2021.07.17"]
[Round "?"]
[White "dmitro_smolin"]
[Black "beastchess1"]
[Result "1-0"]
[WhiteElo "2323"]
[BlackElo "2414"]
[PlyCount "39"]
[EventDate "2021.??.??"]
[EventType "blitz"]

1. e4 e5 2. Nf3 d5 3. Nxe5 Bd6 4. d4 dxe4 5. Nc4 Nf6 6. Nxd6+ Qxd6 7. c4 Nc6 8.
d5 Ne5 9. Nc3 Bg4 10. Qd4 c6 11. c5 Qe7 12. d6 Qe6 13. Bf4 Nd3+ 14. Bxd3 exd3+
15. Kd2 O-O 16. Rae1 Qf5 17. Re5 Qg6 18. Rg5 Ne4+ 19. Nxe4 Qe6 20. Qxg7# {
Normal} 1-0

[Event "Rated Blitz game"]
[Site "?"]
[Date "2021.07.17"]
[Round "?"]
[White "compte_galere"]
[Black "batasjon"]
[Result "1-0"]
[WhiteElo "2479"]
[BlackElo "2418"]
[PlyCount "71"]
[EventDate "2021.??.??"]
[EventType "blitz"]

1. e4 e5 2. Nf3 d5 3. exd5 e4 4. Qe2 Nf6 5. d3 Qxd5 6. dxe4 Qxe4 7. Nc3 Bb4 8.
Bd2 Qxe2+ 9. Bxe2 O-O 10. O-O-O Nc6 11. Nb5 Bf5 12. Nxc7 Rac8 13. Nb5 Rfe8 14.
Nbd4 Bxd2+ 15. Rxd2 Be4 16. Bb5 Nxd4 17. Nxd4 Red8 18. f3 Bg6 19. Rhd1 h5 20.
Ba4 h4 21. Ne2 Rxd2 22. Rxd2 h3 23. g3 Bh5 24. g4 Bg6 25. Nf4 Rc4 26. Nxg6 Rxa4
27. Rd8+ Kh7 28. Ne5 Rxa2 29. Nxf7 Ra1+ 30. Kd2 Rh1 31. g5 Rxh2+ 32. Ke3 Nh5
33. f4 Rxc2 34. f5 g6 35. f6 h2 36. Rh8# {Normal} 1-0

[Event "Rated Blitz tournament Tsg4h2PI"]
[Site "?"]
[Date "2021.07.17"]
[Round "?"]
[White "Brave_spirit12"]
[Black "dr_xStranger"]
[Result "1-0"]
[WhiteElo "2418"]
[BlackElo "2543"]
[PlyCount "43"]
[EventDate "2021.??.??"]
[EventType "blitz"]

1. e4 e5 2. Nf3 d5 3. Nxe5 Bd6 4. d4 dxe4 5. Nc4 Be5 6. Nxe5 Nf6 7. Nc3 O-O 8.
Bg5 Nc6 9. Nxc6 bxc6 10. Bc4 h6 11. Bh4 g5 12. Bg3 e3 13. fxe3 Ng4 14. Qf3 Nxe3
15. Qxe3 Re8 16. Ne4 Bf5 17. Bd3 Bxe4 18. Bxe4 f5 19. Be5 fxe4 20. Qxe4 Qd7 21.
Qg6+ Kf8 22. O-O+ {Normal} 1-0

[Event "Rated Blitz game"]
[Site "?"]
[Date "2021.07.17"]
[Round "?"]
[White "FlaggingIsADisease"]
[Black "soloataco"]
[Result "1-0"]
[WhiteElo "2593"]
[BlackElo "2497"]
[PlyCount "23"]
[EventDate "2021.??.??"]
[EventType "blitz"]

1. e4 e5 2. Nf3 d5 3. d4 dxe4 4. Nxe5 c5 5. Bb5+ Bd7 6. Bc4 Be6 7. Bxe6 fxe6 8.
Qg4 Qf6 9. Qxe4 cxd4 10. O-O Bd6 11. Nc4 Bc7 12. Qxb7 {Normal} 1-0

[Event "Rated Blitz game"]
[Site "?"]
[Date "2021.07.17"]
[Round "?"]
[White "ZhuoKoudian"]
[Black "blastol"]
[Result "0-1"]
[WhiteElo "2354"]
[BlackElo "2423"]
[PlyCount "32"]
[EventDate "2021.??.??"]
[EventType "blitz"]

1. e4 e5 2. Nf3 d5 3. d4 dxe4 4. Nxe5 Bd6 5. Nc4 Nf6 6. Nc3 h6 7. Nxd6+ Qxd6 8.
Be2 Nc6 9. Be3 Qb4 10. Rb1 Nd5 11. Bd2 Qxd4 12. Nxd5 Qxd5 13. O-O O-O 14. c4
Qd6 15. Qc2 Nd4 16. Qxe4 Bf5 {Normal} 0-1

[Event "Rated Rapid game"]
[Site "?"]
[Date "2021.07.17"]
[Round "?"]
[White "JusticeChamp_01"]
[Black "Rover96_opg"]
[Result "1-0"]
[WhiteElo "2609"]
[BlackElo "2331"]
[PlyCount "31"]
[EventDate "2021.??.??"]
[EventType "rapid"]

1. e4 e5 2. Nf3 d5 3. Nxe5 Qe7 4. d4 f6 5. Qh5+ g6 6. Nxg6 Qxe4+ 7. Be2 Qxg6 8.
Qxd5 Ne7 9. Qa5 Qxc2 10. Na3 Qc6 11. Bb5 b6 12. Bxc6+ Bd7 13. Qh5+ Ng6 14. Bxa8
Bb4+ 15. Bd2 Bxd2+ 16. Kxd2 {Normal} 1-0

[Event "Rated Blitz game"]
[Site "?"]
[Date "2021.07.17"]
[Round "?"]
[White "aqilwuzhere"]
[Black "blastol"]
[Result "0-1"]
[WhiteElo "2263"]
[BlackElo "2428"]
[PlyCount "64"]
[EventDate "2021.??.??"]
[EventType "blitz"]

1. e4 e5 2. Nf3 d5 3. exd5 Bd6 4. Nc3 Nf6 5. d3 h6 6. g3 O-O 7. Bg2 c6 8. dxc6
Nxc6 9. O-O Bg4 10. h3 Be6 11. Re1 Qd7 12. Kh2 Rae8 13. Be3 Nd5 14. Nxd5 Bxd5
15. d4 e4 16. Nd2 f5 17. c4 Bf7 18. d5 Ne5 19. Rc1 Nd3 20. Qb3 g5 21. Qc3 Bg6
22. c5 Be5 23. Bd4 Qxd5 24. Bxe5 Qxe5 25. Qb3+ Rf7 26. Nc4 Qxc5 27. Qxd3 exd3
28. Rxe8+ Kg7 29. Rb8 Qxf2 30. Nd6 Rd7 31. Rcc8 Bf7 32. Rg8+ Bxg8 {Time forfeit
} 0-1

[Event "Rated Blitz tournament Tsg4h2PI"]
[Site "?"]
[Date "2021.07.17"]
[Round "?"]
[White "miguelnimzovich"]
[Black "om_gendut"]
[Result "1-0"]
[WhiteElo "2559"]
[BlackElo "2445"]
[PlyCount "21"]
[EventDate "2021.??.??"]
[EventType "blitz"]

1. e4 e5 2. Nf3 d5 3. Nc3 dxe4 4. Nxe4 Nf6 5. Nxf6+ Qxf6 6. d4 exd4 7. Qxd4 Be7
8. Bf4 Nc6 9. Qxf6 Bxf6 10. O-O-O Bd7 11. Bxc7 {Normal} 1-0

[Event "Rated Blitz game"]
[Site "?"]
[Date "2021.07.17"]
[Round "?"]
[White "beauParis"]
[Black "Winquitter"]
[Result "0-1"]
[WhiteElo "2653"]
[BlackElo "2545"]
[PlyCount "74"]
[EventDate "2021.??.??"]
[EventType "blitz"]

1. e4 e5 2. Nf3 d5 3. d4 dxe4 4. Nxe5 Nd7 5. Nxf7 Kxf7 6. Qh5+ g6 7. Bc4+ Kg7
8. Qd5 Qe7 9. O-O Nb6 10. Qb5 c6 11. Qb3 Nxc4 12. Qxc4 Be6 13. Qe2 Nf6 14. Bf4
Re8 15. Nc3 Bf5 16. Be5 Kf7 17. f3 exf3 18. Rxf3 Bg7 19. Raf1 Rhf8 20. h3 Kg8
21. g4 Be6 22. Qf2 Nd5 23. Bxg7 Kxg7 24. Qg3 Rxf3 25. Rxf3 Nxc3 26. Qe5+ Kg8
27. Rxc3 Bd5 28. Qxe7 Rxe7 29. Ra3 a6 30. Kf2 g5 31. Rc3 Kf7 32. b3 b5 33. Re3
Rxe3 34. Kxe3 b4 35. Kf2 Ke6 36. Kg3 Be4 37. h4 Bxc2 {Normal} 0-1

[Event "Rated Blitz tournament kYYngTaR"]
[Site "?"]
[Date "2021.07.17"]
[Round "?"]
[White "crescens"]
[Black "batasjon"]
[Result "0-1"]
[WhiteElo "2231"]
[BlackElo "2400"]
[PlyCount "186"]
[EventDate "2021.??.??"]
[EventType "blitz"]

1. e4 e5 2. Nf3 d5 3. d3 dxe4 4. dxe4 Qxd1+ 5. Kxd1 Nf6 6. Bd3 Nc6 7. c3 Ng4 8.
Ke2 Bc5 9. Rf1 f6 10. h3 Nh6 11. Bxh6 gxh6 12. Nbd2 Rg8 13. Nh4 Be6 14. Bc4 Ke7
15. Nf5+ Bxf5 16. Bxg8 Rxg8 17. exf5 Rxg2 18. Ne4 Bb6 19. Rg1 Rh2 20. Rh1 Rxh1
21. Rxh1 Kf7 22. a3 Ne7 23. c4 a5 24. c5 Ba7 25. b4 Nxf5 26. Ng3 Nd4+ 27. Kd3
Ke6 28. Kc4 b5+ 29. Kd3 a4 30. Ne2 Nf5 31. Nc3 c6 32. Ne4 Bb8 33. Rg1 Kf7 34.
Ng3 Nd4 35. Ne2 Nf3 36. Rg3 Ng5 37. Re3 f5 38. Kd2 Ke6 39. h4 Ne4+ 40. Ke1 Nf6
41. Rd3 Nd5 42. Nc3 e4 43. Rh3 Nf4 44. Rh1 Be5 45. Ne2 Nd3+ 46. Kf1 Bb2 47. Rg1
Kf7 48. Ng3 Ke6 49. Nh5 Bxa3 50. Rg7 Bxb4 51. Rxh7 Bxc5 52. Rxh6+ Kd5 53. Ke2
a3 54. Nf6+ Kc4 55. Rh8 a2 56. Ra8 Kb3 57. Rxa2 Kxa2 58. h5 Nf4+ 59. Kd2 b4 60.
h6 Bxf2 61. h7 Ng6 62. Nd7 c5 63. Ne5 Nh8 64. Nc4 Kb3 65. Ne3 Bxe3+ 66. Kxe3 c4
67. Kd2 c3+ 68. Kc1 c2 69. Kd2 Kb2 70. Ke3 c1=Q+ 71. Kd4 Qh1 72. Ke5 Qxh7 73.
Kf6 Qg8 74. Ke5 f4 75. Kxf4 e3 76. Kxe3 Qf7 77. Kd4 Qe6 78. Kc5 Qd7 79. Kb6 Qc8
80. Ka5 Qc7+ 81. Ka4 Qa7+ 82. Kb5 b3 83. Kc4 Ka2 84. Kb4 b2 85. Kc3 b1=Q 86.
Kc4 Qb2 87. Kd5 Qc7 88. Ke6 Qd2 89. Kf6 Qcc1 90. Kg7 Qce1 91. Kg8 Qdf2 92. Kh7
Qeg1 93. Kh6 Qfh2# {Normal} 0-1